Tous les clubs de D1 féminine depuis 2000 - Statistiques

Statistiques générales
  • Ce quiz a été pris 124 fois
  • Le résultat moyen est 14 sur 41
Statistiques - réponses
Saison(s) Club Titres % Correct
2000- FC Lyon / Olympique lyonnais 2007, 2008, 2009, 2010, 2011, 2012, 2013, 2014, 2015, 2016, 2017, 2018, 2019, 2020, 2022, 2023
99%
2001- Paris Saint-Germain 2021
99%
2000- FCF Juvisy / Paris FC 2003, 2006
82%
2007-2017, 2021-2022, 2023- RC Saint-Étienne / AS Saint-Étienne
81%
2017-2019, 2023- Lille OSC
79%
2016- Girondins de Bordeaux
77%
2000- Montpellier Le Crès / Montpellier HSC 2004, 2005
76%
2018- Dijon FCO
62%
2000-2011, 2012-2013 Toulouse OAC / Toulouse FC 2001, 2002
60%
2000-2005, 2006- Saint-Brieuc FF / Stade briochin / EA Guingamp
58%
2019- Stade de Reims
57%
2017- FC Fleury 91
53%
2016-2018, 2019-2020 Olympique de Marseille
52%
2020-2021, 2022- Le Havre AC
49%
2014-2015, 2016-2017, 2018-2020 FC Metz
46%
2010-2019, 2022-2023 Rodez AF
46%
2000-2010, 2011-2012, 2013-2023 ASJ Soyaux
42%
2015-2016 FF Nîmes Métropole Gard
29%
2010-2011 Le Mans FC
27%
2012-2013, 2014-2015, 2020-2022 FF Issy / GPSO 92 Issy
25%
2000-2004, 2005-2008, 2009-2011, 2015-2016 ESOFV La Roche-sur-Yon
21%
2014-2018 ASPTT Albi
19%
2001-2002 Tours FC
16%
2015-2016 VGA Saint-Maur
13%
2003-2012, 2013-2014 FCF Hénin-Beaumont
12%
2008-2014 FCF Nord-Allier Yzeure / FF Yzeure AA
12%
2012-2015 Arras FCF
11%
2007-2008 Évreux ACF
8%
2004-2006, 2007-2009, 2011-2013 FC Vendenheim
8%
2000-2001, 2002-2003 Stade Quimpérois
8%
2011-2012, 2013-2014 AS Muretaine
7%
2003-2004, 2005-2007 US Compiègne
7%
2002-2007 CNFE Clairefontaine
6%
2000-2006 Saint-Memmie Olympique
6%
2009-2010 AS Montigny
5%
2001-2002 Caluire SCSC
4%
2004-2005, 2006-2007, 2008-2009 FCF Condéen
4%
2000-2002 SC Schiltigheim
4%
2002-2003 USO Bruay-la-Buissière
4%
2000-2001 ES Cormelles-le-Royal
2%
2000-2001 Celtic de Marseille
1%
Aucun quiz correspondant
Distribution des résultats
% des personnes avec chaque résultat
Percentile par nombre de réponses
Votre historique - résultats
Vous n’avez pas pris ce quiz